000 00253nam a22001217a 4500
008 170905b xxu||||| |||| 00| 0 eng d
041 _aeng
080 _a070
100 _a40
101 _aMED
245 _aLIVELY WRITING
_cSCHRANK.J
942 _2udc
_cBK
999 _c26181
_d26181